Chăm sóc sức khỏe tuổi học trò
Đã lưu trong:
| Hovedforfatter: | |
|---|---|
| Format: | Bog |
| Sprog: | Undetermined |
| Udgivet: |
H.
Phụ Nữ
2003
|
| Fag: | |
| Tags: |
Tilføj Tag
Ingen Tags, Vær først til at tagge denne postø!
|
| Thư viện lưu trữ: | Trung tâm Học liệu Trường Đại học Cần Thơ |
|---|
| LEADER | 00510nam a2200181Ia 4500 | ||
|---|---|---|---|
| 001 | CTU_59256 | ||
| 008 | 210402s9999 xx 000 0 und d | ||
| 020 | |b 25000 | ||
| 082 | |a 613.0433 | ||
| 082 | |b Nh300 | ||
| 100 | |a Nhị Hà | ||
| 245 | 0 | |a Chăm sóc sức khỏe tuổi học trò | |
| 245 | 0 | |c Nhị Hà | |
| 260 | |a H. | ||
| 260 | |b Phụ Nữ | ||
| 260 | |c 2003 | ||
| 650 | |a primary health care,hygiene, public,health education | ||
| 980 | |a Trung tâm Học liệu Trường Đại học Cần Thơ | ||